LEADER 01625nam 2200397 450 001 000015433 005 20050718115600.0 010 $a0-582-98896-9 100 $a20030728d1986----km-y0itay0103----ba 101 0 $aeng 102 $aGB 200 1 $aCompletely bounded maps and dilations$fVern I. Paulsen 210 $aHarlow$cLongman Scientific & Technical$d1986 215 $a187 p.$d25 cm. 225 2 $aPitman research notes in mathematics series$v146 410 0$12001$aPitman research notes in mathematics series 606 $aOperatori$xTeoria 676 $a515.724$v(21. ed.)$9Analisi. Teoria degli operatori 691 $a46L05$9Functional analysis. Selfadjoint operator algebras (C*-algebras, von Neumann (W*-)algebras, etc.). General theory of C*-algebras 691 $a47A20$9Operator theory. General theory of linear operators. Dilations, extensions, compressions 691 $a47A25$9Operator theory. General theory of linear operators. Spectral sets 700 1$aPaulsen,$bVern I.$067380 801 0$aIT$bUniversità della Basilicata - B.I.A.$gRICA$2unimarc 912 $a000015433 996 $aCompletely bounded maps and dilations$983251 997 $aUNIBAS BAS $aMONSCI BAS $aSCIENZE CAT $aEXT002$b01$c20030728$lBAS01$h1110 CAT $c20050601$lBAS01$h1755 CAT $abatch$b01$c20050718$lBAS01$h1052 CAT $c20050718$lBAS01$h1111 CAT $c20050718$lBAS01$h1141 CAT $c20050718$lBAS01$h1156 FMT Z30 -1$lBAS01$LBAS01$mBOOK$1BASA2$APolo Tecnico-Scientifico$2GEN$BCollezione generale$3MAT$664892$5S64892$820030728$f51$FRiservati